000 00443nam a2200157Ia 4500
003 GCL
008 140319s9999 xx 000 0 eng d
040 _aGCL /
_cGCL
082 0 4 _a892.7
_bV
100 1 _aSCARCIA, GIANROBERTO
245 1 0 _aLA POESIA PERSIANA NELL'ULTIMO VENTENNIO /
_cSCARCIA, GIANROBERTO
260 _a[S.N] :
_bACCADEMIA NAZIONALE DEI LINCEI ،
_c1974
300 _a21 P
650 0 4 _aPERSIAN LITERATURE
942 _2ddc
_cBK
999 _c12469
_d12469